I Was Raised by Television Volume 8: Game Show Edition - Statistics

General Stats
  • This quiz has been taken 39 times
  • The average score is 9 of 14
Answer Stats
Hint Answer % Correct
Survey Says! Family Feud
100%
Buy a vowel. Wheel of Fortune
100%
Give your answer in the form of a question. Jeopardy
97%
I'd like to phone a friend. Who Wants to Be a Millionaire
97%
Come on down! The Price is Right
91%
Circle gets the square. Hollywood Squares
82%
Bachelor number one... The Dating Game
67%
No whammies! Press Your Luck
64%
What's behind door number three? Let's Make a Deal
61%
making "whoopie" The Newlywed Game
61%
Dumb Dora was soooo dumb... Match Game
55%
Not a match. The board goes back. Concentration
30%
Will the real ( ) please stand up? To Tell the Truth
30%
"I will now defend my money by becoming a common contestant." Win Ben Stein's Money
15%
No matching quizzes found
Score Distribution
Percent of People with Each Score
Percentile by Number Answered
Your Score History
You have not taken this quiz